00550nam a2200181Ia 4500003000500000008004100005020001500046040001900061082000700080100004100087245003300128260004500161300000800206546001200214942001200226999001700238952011300255STCL181203s9999 xx 000 0 und d a8181770315 aSTCLbENcSTCL 222 aKabeer, K. Althaf Ahamed; Nair, V.J. 0aFlora of Tamil Nadu: Grasses bBotanical Survey of IndiaaKolkatac2009 a525 aEnglish 2ddccBK c84818d84818 00102ddc4070aSTCALbSTCALcGENd2018-12-03l0o581.954 KAB-Fp93327r2018-12-03 00:00:00w2018-12-03yBK